| 000 | 00617nam a2200181Ia 4500 | ||
|---|---|---|---|
| 008 | 100920s9999 xx 000 0 und d | ||
| 082 |
_b18938 _a28 व 910 थ 48 |
||
| 100 | _aजोगळेकर सदाशिव आत्माराम. | ||
| 245 | _aघारापुरी. | ||
| 260 |
_bचित्रशाळा प्रकाशन.पुणे2. _c1948 |
||
| 300 |
_a44 _bसाधी |
||
| 365 | _b0.6 | ||
| 520 | _aबा.वि.भू.प्र. | ||
| 630 | _aघारापुरी. | ||
| 650 | _aबा.वि.भू.प्र. | ||
| 730 | _aघारापुरी. | ||
| 942 | _cBOOK | ||
| 999 |
_c680337 _d680334 |
||